000 00529nam a2200181Ia 4500
999 _c14778
_d14778
003 OSt
005 20201110115411.0
008 190216s9999||||xx |||||||||||||| ||und||
020 _a978019280249
040 _coclc
082 _a820.95
_bGRE/S
100 _aGreer, Germaine
_96226
245 0 _aShakespeare A Very Short Introduction /
_cGermaine Greer
260 _bOxford University Press,
_c2002.
_aNew york:
300 _a158p
650 _aEnglish
942 _cBK
_2ddc
_h820.95
_iGRE/S
_k820.95
_mGRE/S